大分県の難読地名 30コ - Statistics

General Stats
  • This quiz has been taken 32 times
  • The average score is 5 of 30
Answer Stats
漢字 回答 % Correct
国東 くにさき
93%
杵築 きつき
89%
日出 ひじ
82%
えびす
39%
稙田 わさだ
32%
戸次 へつぎ
25%
生桑 いくわ
21%
両子 ふたご
21%
駅館川 やっかんがわ
18%
内匠 たくみ
18%
上人 しょうにん
14%
永興 りょうご
14%
寒水 そうず
11%
万年山 はねやま
11%
市用 いちもち
7%
西寒田 ささむた
7%
藤田 とうだ
7%
よけ
7%
火売 ほのめ
4%
向田 むかた
4%
清水原 そうずばる
4%
ごう
4%
二栄 ふたばえ
0%
竹原 たこら
0%
夏足 なたせ
0%
葛港 かづらみなと
0%
提内 ひさぎうち
0%
大副 おおそい
0%
丹川 あかがわ
0%
まくさ
0%
No matching quizzes found
Score Distribution
Percent of People with Each Score
Percentile by Number Answered
Your Score History
You have not taken this quiz